Tribhuvan University Central Library

A comparative study of smoking behavior: A cese study between indigenous tharu (Record no. 68684)

MARC details
000 -LEADER
fixed length control field 00452 a2200145 4500
041 ## - LANGUAGE CODE
Language code of text/sound track or separate title Eng
082 ## - DEWEY DECIMAL CLASSIFICATION NUMBER
Classification number CD8256
100 ## - MAIN ENTRY--PERSONAL NAME
Personal name Kaphle, Dheejan Babu
245 ## - TITLE STATEMENT
Title A comparative study of smoking behavior: A cese study between indigenous tharu
260 ## - PUBLICATION, DISTRIBUTION, ETC. (IMPRINT)
Place of publication, distribution, etc Morang:
Name of publisher, distributor, etc Nepal
Date of publication, distribution, etc 2011
502 ## - DISSERTATION NOTE
Dissertation note Dissertation
Degree type Degree in Education
Name of granting institution Sukuna M.C.
650 ## - SUBJECT ADDED ENTRY--TOPICAL TERM
Topical term or geographic name as entry element Physical education
-- Hygiene
-- Population
-- Smoking
653 ## - INDEX TERM--UNCONTROLLED
Uncontrolled term Health education
942 ## - ADDED ENTRY ELEMENTS (KOHA)
Source of classification or shelving scheme Dewey Decimal Classification
Koha item type Audio Visual Materials
Holdings
Withdrawn status Lost status Source of classification or shelving scheme Damaged status Not for loan Home library Current library Date acquired Total Checkouts Full call number Barcode Date last seen Price effective from Koha item type
    Dewey Decimal Classification     Tribhuvan University Central Library Tribhuvan University Central Library 02/05/2014   CD8256 A8204 02/05/2014 02/05/2014 Audio Visual Materials